MARC

LEADER 00000nam0a2200000 4500
001 152838
005 20231031151154.0
035 |a (RuTPU)RU\TPU\book\165706 
090 |a 152838 
100 |a 20090205d1938 m y0rusy50 ca 
101 0 |a rus 
102 |a RU 
105 |a a j 000zy 
200 1 |a Технология пигментов и лаков  |e учебник для техникумов  |f Е. Ф. Беленький 
210 |a Ленинград  |c ОНТИ Химтеорет  |d 1938 
215 |a 259 с.  |c ил. 
610 1 |a химическая технология 
610 1 |a лаки 
610 1 |a пигменты 
610 1 |a производство 
610 1 |a цвет 
610 1 |a свойства 
610 1 |a смолы 
610 1 |a масла 
610 1 |a сиккативы 
610 1 |a нитролаки 
610 1 |a учебники 
675 |a 667.2  |v 3 
700 1 |a Беленький  |b Е. Ф. 
801 1 |a RU  |b 63413507  |c 20090205  |g PSBO 
801 2 |a RU  |b 63413507  |c 20090604  |g PSBO 
942 |c BK